00560nam a22001457a 4500003000900000005001700009008004100026040002500067082001700092100004000109245018000149260003800329300002400367521002300391DO-SdBNP20220725094409.0190722s1967 a 000 spa d aDO-SdBNPbspacBNPHU axxxxxbV794m aVincent Cepeda, Altagracia Victoria 0aManual de preceptiva literaria y "literatura Española" :bpara el 3er. curso del bachillerato (desarrollado conforme al programa vigente)cAltagracia Victoria Vincet Cepeda  aSanto Domingo,bDel Caribec1967. a303 p.bil.c23 cm. a3er. bachillerato.